Teaching and learning : A problem solving focus / (Record no. 117894)

MARC details
000 -LEADER
fixed length control field 00718nam a22002057a 4500
005 - DATE AND TIME OF LATEST TRANSACTION
control field 20160708125357.0
008 - FIXED-LENGTH DATA ELEMENTS--GENERAL INFORMATION
fixed length control field 160708b vau||||| |||| 00| 0 eng d
020 ## - INTERNATIONAL STANDARD BOOK NUMBER
International Standard Book Number 0873532406
050 04 - LIBRARY OF CONGRESS CALL NUMBER
Classification number QA12
Item number T43 1987
245 10 - TITLE STATEMENT
Title Teaching and learning : A problem solving focus /
Statement of responsibility, etc ed. Frances R. Curcio.
250 ## - EDITION STATEMENT
Edition statement 1a ed.
260 ## - PUBLICATION, DISTRIBUTION, ETC. (IMPRINT)
Place of publication, distribution, etc Reston, virginia :
Name of publisher, distributor, etc National Council of Teachers of Mathematics,
Date of publication, distribution, etc c1987
300 ## - PHYSICAL DESCRIPTION
Extent 116 paginas. :
Other physical details ilustraciones.;
Dimensions 23 cm.
490 ## - SERIES STATEMENT
Series statement the national council of teachers of mathematics
504 ## - BIBLIOGRAPHY, ETC. NOTE
Bibliography, etc Incluye apéndice
650 #4 - SUBJECT ADDED ENTRY--TOPICAL TERM
Topical term or geographic name as entry element Solución de problemas
650 #7 - SUBJECT ADDED ENTRY--TOPICAL TERM
Source of heading or term Lemb
Topical term or geographic name as entry element Matemáticas
General subdivision Estudio y enseñanza
700 1# - ADDED ENTRY--PERSONAL NAME
Personal name Curcio, Frances R.,
Relator term editor
942 ## - ADDED ENTRY ELEMENTS (KOHA)
Source of classification or shelving scheme Biblioteca del Cogreso de los Estados Unidos
Koha item type Libro
Holdings
Estado de pérdida Fuente de clasificación Estado del daño No para préstamo Ubicación permanente Ubicación actual Apartado o colección Fecha de adquisición Fuente de adquisición Edición Dependencia de educación superior (DES) Área del conocimiento Clasificación Código de Barras Date last seen Número de copia Tipo de recurso Nota pública
  Biblioteca del Cogreso de los Estados Unidos     Biblioteca de la Facultad de Físico Matemáticas Biblioteca de la Facultad de Físico Matemáticas General 08/07/2016 Donación 1a ed. Ingeniería y Arquitectura Ingeniería y Tecnología QA12 T43 1987 C:1 FFM000011699 08/07/2016 C:1 Libro Lectura